Retrouvez des titres du Top 100 Streams - 2025 #1 - Statistiques

Statistiques générales
  • Ce quiz a été pris 14 fois
  • Le résultat moyen est 6 sur 20
Statistiques - réponses
Streams (en Ma) Artiste Réponse % Correct
3,479 Imagine Dragons Believer
62%
2,352 Dua Lipa, DaBaby Levitating
62%
3,584 The Kid Laroi, Justin Bieber STAY
54%
2,398 XXXTentacion SAD!
46%
3,948 Lewis Capaldi Someone You Loved
46%
3,198 Post Malone, 21 Savage rockstar
38%
2,822 Coldplay Viva la Vida
38%
2,425 Kendrick Lamar, SZA All The Stars
31%
2,713 Imagine Dragons Demons
31%
2,748 Imagine Dragons Thunder
31%
2,554 French Montana, Swae Lee Unforgettable
31%
2,423 Marshmello, Bastille Happier
23%
2,588 Passenger Let Her Go
23%
2,472 Justin Bieber Sorry
23%
2,961 Dua Lipa Don't Start Now
15%
2,678 Eminem Without Me
15%
3,099 Coldplay Yellow
15%
2,695 The Weeknd The Hills
8%
2,811 Ed Sheeran Thinking Out Loud
8%
2,326 Sam Smith Too Good At Goodbyes
8%
Aucun quiz correspondant
Distribution des résultats
% des personnes avec chaque résultat
Percentile par nombre de réponses
Votre historique - résultats
Vous n’avez pas pris ce quiz